000 00600cab a2200193 4500
001 ABS43245
008 090401t1990 xxu||||| |||| 00| 0 eng d
035 _a(Sirsi) u41047
041 _aeng
100 _aAyton, C.
245 _aMalaysia`s leading light: the industrial market
260 _c1990
350 _a0
490 _aAsian Property
_vJuly 1990, 42-60(17)
520 _aReports on the office market of Malaysia , the residential and hotel market, theme parks as well as the successful industrial sector.
690 _aOVERSEAS-REST OF THE WORLD
942 _n0
948 _c04/03/1997
999 _c26345
_d26345